[Event "2. Open Fincas Mediterranea"]
[Site "Castelldefels ESP"]
[Date "2005.08.17"]
[Round "1.2"]
[White "Porras Dalmau, Daniel"]
[Black "Hamdouchi, Hichem"]
[Result "0-1"]
[WhiteElo "1906"]
[BlackElo "2567"]
[PlyCount "102"]
[EventDate "2005.08.17"]
[EventType "swiss"]
[EventRounds "9"]
[EventCountry "ESP"]
[Source "lmi"]
[SourceDate "2005.08.25"]

1. d4 e6 2. c4 c5 3. Nf3 cxd4 4. Nxd4 Nf6 5. Nc3 a6 6. g3 Qc7 7. Qd3 Nc6 8.
Nxc6 Qxc6 9. e4 Bb4 10. Bg2 Ng4 11. O-O Ne5 12. Qd4 f6 13. Bf4 O-O 14. Bxe5 Bc5
15. Qd2 fxe5 16. Kh1 b5 17. cxb5 axb5 18. f4 b4 19. Ne2 Bb7 20. b3 Qxe4 21. Rg1
exf4 22. Nxf4 Qd4 23. Qxd4 Bxg2+ 24. Rxg2 Bxd4 25. Rd1 e5 26. Nd5 Rab8 27. Rc2
Kf7 28. Rc4 Ke6 29. Nc7+ Kd6 30. Na6 Rbc8 31. Rxc8 Rxc8 32. Nxb4 Ke6 33. Kg2
Rf8 34. Rf1 Ra8 35. Rc1 e4 36. Rc4 Ke5 37. a4 Rf8 38. Rc2 Rf3 39. Ra2 Rxb3 40.
Nc2 Ba7 41. Na3 Bc5 42. Nc2 d5 43. a5 Rd3 44. a6 Rd2+ 45. Kf1 e3 46. a7 Bxa7
47. Rxa7 Rxc2 48. Re7+ Kd4 49. Rxg7 Kd3 50. Re7 Rc1+ 51. Kg2 e2 0-1

[Event "2. Open Fincas Mediterranea"]
[Site "Castelldefels ESP"]
[Date "2005.08.17"]
[Round "1.3"]
[White "Peralta, Fernando"]
[Black "Martinez Lopez, Miquel"]
[Result "1-0"]
[WhiteElo "2553"]
[BlackElo "1905"]
[PlyCount "55"]
[EventDate "2005.08.17"]
[EventType "swiss"]
[EventRounds "9"]
[EventCountry "ESP"]
[Source "lmi"]
[SourceDate "2005.08.25"]

1. Nf3 Nf6 2. c4 g6 3. Nc3 Bg7 4. e4 d6 5. d4 O-O 6. Be2 c5 7. O-O cxd4 8. Nxd4
Nc6 9. Nc2 Be6 10. f4 Qc8 11. Be3 Bg4 12. Rc1 Bxe2 13. Qxe2 Ng4 14. Bd2 Nd4 15.
Nxd4 Bxd4+ 16. Kh1 f5 17. exf5 Qxf5 18. Nd5 Rae8 19. Nxe7+ Kf7 20. Rce1 Qh5 21.
Qe6+ Kg7 22. h3 Nf6 23. Bb4 Bc5 24. Bc3 Qh4 25. b4 Bb6 26. Qxd6 Rf7 27. Nf5+
gxf5 28. Rxe8 1-0

[Event "2. Open Fincas Mediterranea"]
[Site "Castelldefels ESP"]
[Date "2005.08.17"]
[Round "1.5"]
[White "Megaranto, Susanto"]
[Black "Humphrey Ventura, Bruce"]
[Result "1-0"]
[WhiteElo "2499"]
[BlackElo "1903"]
[PlyCount "61"]
[EventDate "2005.08.17"]
[EventType "swiss"]
[EventRounds "9"]
[EventCountry "ESP"]
[Source "lmi"]
[SourceDate "2005.08.25"]

1. e4 e6 2. d4 d5 3. Nc3 Nf6 4. e5 Nfd7 5. f4 c5 6. Nf3 Nc6 7. Be3 a6 8. Qd2 b5
9. h4 cxd4 10. Nxd4 Nxd4 11. Bxd4 Bc5 12. h5 Qb6 13. O-O-O Bxd4 14. Qxd4 b4 15.
Ne2 a5 16. Qxb6 Nxb6 17. Nd4 Ba6 18. Bd3 Kd7 19. g4 Bxd3 20. cxd3 Rhc8+ 21. Kb1
a4 22. h6 g6 23. Rc1 Rxc1+ 24. Rxc1 Nc8 25. Nb5 Rb8 26. Rc7+ Kd8 27. Rxf7 Rxb5
28. Rxh7 Rc5 29. Rg7 b3 30. h7 Rc2 31. h8=Q# 1-0

[Event "2. Open Fincas Mediterranea"]
[Site "Castelldefels ESP"]
[Date "2005.08.17"]
[Round "1.6"]
[White "Bada Navarra, Jordi"]
[Black "Sulava, Nenad"]
[Result "0-1"]
[WhiteElo "1892"]
[BlackElo "2485"]
[PlyCount "52"]
[EventDate "2005.08.17"]
[EventType "swiss"]
[EventRounds "9"]
[EventCountry "ESP"]
[Source "lmi"]
[SourceDate "2005.08.25"]

1. e4 c5 2. Nf3 a6 3. c4 d6 4. Nc3 Bg4 5. Be2 Nc6 6. h3 Bxf3 7. Bxf3 g6 8. d3
Bg7 9. Be3 e6 10. Qd2 Rb8 11. O-O b5 12. Rab1 Nge7 13. Bh6 O-O 14. Bxg7 Kxg7
15. Nd1 Nd4 16. Be2 Nec6 17. Ne3 f5 18. exf5 gxf5 19. f4 Kh8 20. Bf3 Nxf3+ 21.
Rxf3 Rg8 22. Qc3+ Nd4 23. Rf2 Qh4 24. Kf1 e5 25. fxe5 f4 26. Nc2 f3 0-1

[Event "2. Open Fincas Mediterranea"]
[Site "Castelldefels ESP"]
[Date "2005.08.17"]
[Round "1.7"]
[White "Milov, Leonid"]
[Black "Canton Lanau, Jose Ignacio"]
[Result "1-0"]
[WhiteElo "2482"]
[BlackElo "1880"]
[PlyCount "35"]
[EventDate "2005.08.17"]
[EventType "swiss"]
[EventRounds "9"]
[EventCountry "ESP"]
[Source "lmi"]
[SourceDate "2005.08.25"]

1. e4 e6 2. d4 d5 3. Nd2 dxe4 4. Nxe4 Nc6 5. Nf3 Be7 6. c3 Nf6 7. Bd3 O-O 8.
Qe2 Re8 9. O-O h6 10. Re1 a6 11. Nxf6+ Bxf6 12. Qe4 Ne7 13. Qh7+ Kf8 14. b3 Ng8
15. Ne5 c6 16. Re3 Qa5 17. Nc4 Qxc3 18. Bb2 1-0

[Event "2. Open Fincas Mediterranea"]
[Site "Castelldefels ESP"]
[Date "2005.08.17"]
[Round "1.8"]
[White "Munuera Drieguez, Joaquin"]
[Black "Panelo, Marcelo"]
[Result "0-1"]
[WhiteElo "1880"]
[BlackElo "2404"]
[PlyCount "62"]
[EventDate "2005.08.17"]
[EventType "swiss"]
[EventRounds "9"]
[EventCountry "ESP"]
[Source "lmi"]
[SourceDate "2005.08.25"]

1. e4 c5 2. Nf3 d6 3. d4 cxd4 4. Nxd4 Nf6 5. Nc3 a6 6. Be2 e5 7. Nb3 Be7 8. O-O
O-O 9. Nd5 Nxe4 10. Nxe7+ Qxe7 11. Bd3 Nc5 12. Nxc5 dxc5 13. Qh5 g6 14. Qf3 Nc6
15. c3 Be6 16. Bh6 Rfd8 17. Be4 Rac8 18. Rfe1 f6 19. h4 Qf7 20. g4 Bd5 21. Rad1
Bxe4 22. Rxe4 Rxd1+ 23. Qxd1 Rd8 24. Qf3 f5 25. gxf5 gxf5 26. Re1 Qg6+ 27. Kh2
Qxh6 28. Rg1+ Kh8 29. Qxf5 Qxh4+ 30. Kg2 Rg8+ 31. Kf1 Qc4+ 0-1

[Event "2. Open Fincas Mediterranea"]
[Site "Castelldefels ESP"]
[Date "2005.08.17"]
[Round "1.9"]
[White "Hernando Rodrigo, Julio A"]
[Black "Salazar Navas, Josep"]
[Result "1-0"]
[WhiteElo "2371"]
[BlackElo "1873"]
[PlyCount "25"]
[EventDate "2005.08.17"]
[EventType "swiss"]
[EventRounds "9"]
[EventCountry "ESP"]
[Source "lmi"]
[SourceDate "2005.08.25"]

1. d4 Nf6 2. c4 e5 3. dxe5 Ng4 4. e3 Nxe5 5. Nh3 Bb4+ 6. Bd2 Qe7 7. Nf4 Qc5 8.
Nc3 O-O 9. Nfd5 Nxc4 10. a3 Bxc3 11. Bxc3 d6 12. b4 Qb5 13. Qd4 1-0

[Event "2. Open Fincas Mediterranea"]
[Site "Castelldefels ESP"]
[Date "2005.08.17"]
[Round "1.10"]
[White "Moreno Martin, Daniel"]
[Black "Iglesias, Jorge"]
[Result "1/2-1/2"]
[WhiteElo "1872"]
[BlackElo "2355"]
[PlyCount "128"]
[EventDate "2005.08.17"]
[EventType "swiss"]
[EventRounds "9"]
[EventCountry "ESP"]
[Source "lmi"]
[SourceDate "2005.08.25"]

1. e4 e5 2. Nf3 Nc6 3. Bb5 a6 4. Ba4 Nf6 5. O-O Be7 6. Re1 b5 7. Bb3 O-O 8. a4
Rb8 9. c3 d5 10. exd5 Nxd5 11. d4 exd4 12. Nxd4 Nxd4 13. Qxd4 Be6 14. Rd1 c6
15. Na3 b4 16. cxb4 Rxb4 17. Bc4 Rxa4 18. Qe4 Nc3 19. Rxd8 Nxe4 20. Rxf8+ Kxf8
21. Bxe6 fxe6 22. Be3 Bf6 23. Bc1 Bd4 24. Rb1 Nxf2 25. Kf1 Nd3 26. b3 Ra5 27.
Nc4 Rf5+ 28. Ke2 Nxc1+ 29. Rxc1 Rf2+ 30. Kd3 c5 31. Rc2 Rxc2 32. Kxc2 Ke7 33.
Kd3 Kd7 34. Nd2 e5 35. Kc4 Ke6 36. g4 Bg1 37. h3 e4 38. Nxe4 Ke5 39. Nxc5 g5
40. Nd7+ Kf4 41. Nf6 h6 42. Ng8 Kg3 43. Nxh6 Kxh3 44. Kd5 Bf2 45. Ke4 Kg3 46.
Kf5 Kf3 47. Nf7 Ke3 48. Nxg5 Kd3 49. Ne4 Bd4 50. g5 a5 51. Nf6 Be3 52. g6 Bh6
53. Ng4 Bg7 54. Ne5+ Kc3 55. Nc6 Kxb3 56. Nxa5+ Kb4 57. Nc6+ Kc5 58. Nd8 Kd6
59. Ne6 Bh8 60. Nf4 Ke7 61. Nh5 Kf8 62. Ke6 Kg8 63. g7 Bxg7 64. Nxg7 Kxg7
1/2-1/2

[Event "2. Open Fincas Mediterranea"]
[Site "Castelldefels ESP"]
[Date "2005.08.17"]
[Round "1.12"]
[White "Oliana Rectoret, Pere"]
[Black "Purnama, Tirta Chandra"]
[Result "0-1"]
[WhiteElo "1859"]
[BlackElo "2337"]
[PlyCount "44"]
[EventDate "2005.08.17"]
[EventType "swiss"]
[EventRounds "9"]
[EventCountry "ESP"]
[Source "lmi"]
[SourceDate "2005.08.25"]

1. d4 d5 2. e3 c5 3. c3 Nc6 4. Bd3 e5 5. dxe5 Nxe5 6. Be2 Nf6 7. Nf3 Nc6 8.
Nbd2 Bd6 9. h3 O-O 10. Qc2 Re8 11. O-O Ne4 12. Bd3 Bf5 13. Re1 Qf6 14. b3 b5
15. Bb2 c4 16. Bxe4 dxe4 17. Nd4 Nxd4 18. cxd4 Qg6 19. Kf1 Rac8 20. bxc4 bxc4
21. Bc3 Qh6 22. g4 Qxh3+ 0-1

[Event "2. Open Fincas Mediterranea"]
[Site "Castelldefels ESP"]
[Date "2005.08.17"]
[Round "1.13"]
[White "Halay, Taufik"]
[Black "Bermejo Jimenez, Raul"]
[Result "1-0"]
[WhiteElo "2320"]
[BlackElo "1854"]
[PlyCount "53"]
[EventDate "2005.08.17"]
[EventType "swiss"]
[EventRounds "9"]
[EventCountry "ESP"]
[Source "lmi"]
[SourceDate "2005.08.25"]

1. d4 Nf6 2. c4 c5 3. d5 b5 4. cxb5 a6 5. e3 axb5 6. Bxb5 Ba6 7. Bxa6 Nxa6 8.
Nc3 d6 9. Nf3 g6 10. O-O Bg7 11. e4 O-O 12. Bg5 Qb6 13. Rb1 Rfb8 14. e5 Nd7 15.
e6 fxe6 16. dxe6 Nf6 17. Bxf6 Bxf6 18. Nd5 Qd8 19. Nxf6+ exf6 20. Re1 Qe7 21.
h4 Nc7 22. h5 Rxa2 23. hxg6 hxg6 24. Nh4 Qh7 25. Qxd6 Qxh4 26. Qxc7 Raxb2 27.
Qxb8+ 1-0

[Event "2. Open Fincas Mediterranea"]
[Site "Castelldefels ESP"]
[Date "2005.08.17"]
[Round "1.14"]
[White "Bernasconi, Roberto"]
[Black "Rios, Alejandro"]
[Result "0-1"]
[WhiteElo "1853"]
[BlackElo "2282"]
[PlyCount "82"]
[EventDate "2005.08.17"]
[EventType "swiss"]
[EventRounds "9"]
[EventCountry "ESP"]
[Source "lmi"]
[SourceDate "2005.08.25"]

1. e4 e5 2. Nf3 Nc6 3. Nc3 Nf6 4. d4 exd4 5. Nxd4 Bb4 6. Nxc6 bxc6 7. Bd3 d5 8.
exd5 cxd5 9. O-O O-O 10. Bg5 c6 11. Na4 Bd7 12. c4 h6 13. Bh4 Bg4 14. Qc2 Rc8
15. Rac1 Re8 16. f3 Be6 17. Rfd1 Nh5 18. Bf2 Bd6 19. Nc5 Bxc5 20. Bxc5 Qg5 21.
Qd2 dxc4 22. Qxg5 hxg5 23. Bxc4 Bxc4 24. Rxc4 Re2 25. Rg4 f6 26. h4 gxh4 27.
Rxh4 Ng3 28. Ra4 Rxb2 29. Rxa7 Re8 30. Kh2 Nf5 31. Kh3 Ree2 32. Rg1 Rbc2 33.
Bb6 c5 34. Ra5 Re5 35. Bc7 Rd5 36. a4 Rd3 37. Bb6 Rc4 38. g3 Rxf3 39. Rxc5 Rh4+
40. Kg2 Rxg3+ 41. Kf2 Rh2+ 0-1

[Event "2. Open Fincas Mediterranea"]
[Site "Castelldefels ESP"]
[Date "2005.08.17"]
[Round "1.15"]
[White "Lerch Gallemi, Jose Maria"]
[Black "Ani, Virgil"]
[Result "1-0"]
[WhiteElo "2267"]
[BlackElo "1845"]
[PlyCount "95"]
[EventDate "2005.08.17"]
[EventType "swiss"]
[EventRounds "9"]
[EventCountry "ESP"]
[Source "lmi"]
[SourceDate "2005.08.25"]

1. e4 e5 2. Bc4 Nc6 3. Nf3 Nd4 4. Nxd4 exd4 5. d3 Nf6 6. e5 d5 7. exf6 dxc4 8.
Qe2+ Be6 9. fxg7 Bxg7 10. dxc4 O-O 11. O-O Re8 12. Na3 a6 13. Rb1 c6 14. Qh5
Qf6 15. b4 Bd7 16. Qg5 Re2 17. Qxf6 Bxf6 18. Bb2 Rae8 19. Rbd1 Bf5 20. Bxd4
Bxd4 21. Rxd4 R8e7 22. h4 h5 23. c5 Bg6 24. Ra1 Bf5 25. Nc4 Bxc2 26. Ne3 Ba4
27. g3 Kf8 28. Rd8+ Re8 29. Rxe8+ Kxe8 30. Nf5 Kd7 31. Kg2 Bc2 32. Kf3 Rd2 33.
Ne3 Bg6 34. Rd1 Rxd1 35. Nxd1 Bf5 36. Kf4 Ke6 37. Ne3 Bb1 38. a3 f6 39. f3 Bd3
40. g4 hxg4 41. fxg4 Bb1 42. h5 Bd3 43. Nf5 Bxf5 44. gxf5+ Kf7 45. h6 Kg8 46.
Kg4 Kh8 47. Kh5 Kh7 48. a4 1-0

[Event "2. Open Fincas Mediterranea"]
[Site "Castelldefels ESP"]
[Date "2005.08.17"]
[Round "1.16"]
[White "Revinelli, Sergio"]
[Black "Raineri, Pablo"]
[Result "0-1"]
[WhiteElo "1840"]
[BlackElo "2241"]
[PlyCount "96"]
[EventDate "2005.08.17"]
[EventType "swiss"]
[EventRounds "9"]
[EventCountry "ESP"]
[Source "lmi"]
[SourceDate "2005.08.25"]

1. e4 c5 2. Nf3 Nc6 3. d4 cxd4 4. Nxd4 Nf6 5. Nc3 d6 6. Be2 g6 7. Be3 Bg7 8.
O-O O-O 9. Kh1 Nxd4 10. Bxd4 Be6 11. f3 Qa5 12. Qd2 Rfc8 13. Rfd1 Bc4 14. a3 a6
15. Qe3 Bxe2 16. Qxe2 Qc7 17. a4 Qc4 18. Rac1 Qxe2 19. Nxe2 Bh6 20. Rb1 Rxc2
21. Bxf6 exf6 22. Nc3 Bd2 23. Ne2 Bb4 24. Nf4 Kg7 25. Nd3 Bd2 26. Kg1 Rac8 27.
Ne1 Bxe1 28. Rxe1 Rd2 29. Red1 Rcc2 30. Rxd2 Rxd2 31. g4 f5 32. exf5 gxf5 33.
b4 fxg4 34. fxg4 b5 35. a5 Kg6 36. Rc1 Rd4 37. h3 Kf6 38. Rc6 Ke6 39. Rxa6 Rxb4
40. Rb6 Rb2 41. a6 b4 42. Kf1 Ra2 43. Rxb4 Rxa6 44. Ke2 d5 45. Rf4 Ra2+ 46. Kf3
Ra3+ 47. Kg2 Re3 48. h4 Re4 0-1

[Event "2. Open Fincas Mediterranea"]
[Site "Castelldefels ESP"]
[Date "2005.08.17"]
[Round "1.17"]
[White "Marin, Irina Luiza"]
[Black "Ferrandiz Iserte, Albert"]
[Result "1-0"]
[WhiteElo "2224"]
[BlackElo "1820"]
[PlyCount "91"]
[EventDate "2005.08.17"]
[EventType "swiss"]
[EventRounds "9"]
[EventCountry "ESP"]
[Source "lmi"]
[SourceDate "2005.08.25"]

1. c4 f5 2. g3 Nf6 3. Bg2 g6 4. Nc3 d6 5. d3 Bg7 6. e4 Nc6 7. Nge2 O-O 8. O-O
e5 9. Nd5 Nh5 10. exf5 Bxf5 11. Be3 Qd7 12. Qd2 Nf6 13. d4 Nxd5 14. Bxd5+ Kh8
15. Rfe1 a5 16. f4 Nb4 17. dxe5 Nc2 18. e6 Qe7 19. Nd4 Nxa1 20. Bxb7 Rab8 21.
Nc6 Qxe6 22. Nxb8 Rxb8 23. Ba7 Qxc4 24. Bxb8 Qb5 25. Qd5 Qb6+ 26. Kh1 Bxb2 27.
Re8+ Kg7 28. Re7+ Kh6 29. Bxc7 Qf2 30. Qg2 Qd4 31. Qe2 d5 32. h4 Ba3 33. Re5
Bc5 34. Qf1 Be4+ 35. Kh2 Nc2 36. f5 Qd2+ 37. Kh3 Ne3 38. Rxe4 dxe4 39. Qf4+ Kg7
40. Be5+ Kg8 41. Bxe4 Qd7 42. g4 Nd5 43. Qh6 Bf8 44. Qd2 Nb6 45. Qxd7 Nxd7 46.
Bd5# 1-0

[Event "2. Open Fincas Mediterranea"]
[Site "Castelldefels ESP"]
[Date "2005.08.17"]
[Round "1.18"]
[White "Ruiz Arenas, Carlos"]
[Black "Sucher, Johannes"]
[Result "1-0"]
[WhiteElo "1810"]
[BlackElo "2207"]
[PlyCount "137"]
[EventDate "2005.08.17"]
[EventType "swiss"]
[EventRounds "9"]
[EventCountry "ESP"]
[Source "lmi"]
[SourceDate "2005.08.25"]

1. e4 d5 2. exd5 Nf6 3. Nc3 Nxd5 4. Nxd5 Qxd5 5. Nf3 e5 6. d4 Nc6 7. Be3 Bg4 8.
Be2 e4 9. Nd2 Bxe2 10. Qxe2 Nxd4 11. Bxd4 Qxd4 12. Qxe4+ Qxe4+ 13. Nxe4 f5 14.
Nd2 O-O-O 15. O-O-O Bc5 16. f3 Rhe8 17. Rhe1 Be3 18. Re2 Bh6 19. Rf2 Be3 20.
Re2 Bf4 21. Rxe8 Rxe8 22. g3 Bh6 23. f4 g5 24. Rf1 gxf4 25. gxf4 Re2 26. Nf3
Bxf4+ 27. Kd1 Re7 28. Nd4 Bxh2 29. Nxf5 Rd7+ 30. Ke2 b5 31. Rf3 Be5 32. c3 c5
33. Re3 Bf4 34. Re8+ Kc7 35. Ne3 h6 36. Re4 Bg5 37. b3 Re7 38. Nd5+ Kd6 39.
Nxe7 Bxe7 40. c4 a6 41. Kf3 bxc4 42. bxc4 Bg5 43. Kg4 Bd2 44. Kf5 a5 45. Re6+
Kd7 46. a4 h5 47. Re5 Kc6 48. Rd5 Be1 49. Ke4 h4 50. Rh5 Bg3 51. Rh6+ Kb7 52.
Kd5 Bf2 53. Kd6 Kb6 54. Kd7+ Kb7 55. Rf6 Bg3 56. Rf3 Be1 57. Rf1 Bg3 58. Rb1+
Ka6 59. Rb3 Bf2 60. Kc6 Bg1 61. Rb6+ Ka7 62. Rb7+ Ka6 63. Rh7 Bf2 64. Rh5 Bg3
65. Kxc5 Bf2+ 66. Kc6 Bg3 67. c5 Bf2 68. Kd7 Bg3 69. c6 1-0

[Event "2. Open Fincas Mediterranea"]
[Site "Castelldefels ESP"]
[Date "2005.08.17"]
[Round "1.19"]
[White "Martin Canfran, Ruben"]
[Black "Layola Barrionuevo, Oriol"]
[Result "1-0"]
[WhiteElo "2202"]
[BlackElo "2167"]
[PlyCount "89"]
[EventDate "2005.08.17"]
[EventType "swiss"]
[EventRounds "9"]
[EventCountry "ESP"]
[Source "lmi"]
[SourceDate "2005.08.25"]

1. Nf3 c5 2. c4 Nc6 3. g3 g6 4. Bg2 Bg7 5. O-O Nf6 6. d4 cxd4 7. Nxd4 O-O 8.
Nc3 a6 9. Nc2 Nh5 10. e4 Ne5 11. Ne3 d6 12. Ncd5 e6 13. Nc3 Qc7 14. Qe2 Nc6 15.
Qd2 Na5 16. Qd3 Rb8 17. Rd1 Rd8 18. f4 Nc6 19. Kh1 b6 20. b3 Bb7 21. Ba3 Bd4
22. Nc2 e5 23. Nd5 Qd7 24. Nxd4 Nxd4 25. Nxb6 Qg4 26. Nd5 Bxd5 27. exd5 f6 28.
Re1 Ng7 29. Re4 Qd7 30. Rf1 Qc7 31. fxe5 fxe5 32. g4 Qa5 33. Bb2 Qxa2 34. Bxd4
exd4 35. Qxd4 Rd7 36. Ref4 Qa5 37. b4 Qd8 38. c5 dxc5 39. bxc5 Ne6 40. Qc4 Nxf4
41. d6+ Kg7 42. Qxf4 Rc8 43. Qe5+ Kh6 44. Rf3 g5 45. Rh3+ 1-0

[Event "2. Open Fincas Mediterranea"]
[Site "Castelldefels ESP"]
[Date "2005.08.18"]
[Round "2.2"]
[White "Hamdouchi, Hichem"]
[Black "Guzman, Manuel"]
[Result "1-0"]
[WhiteElo "2567"]
[BlackElo "2051"]
[PlyCount "81"]
[EventDate "2005.08.17"]
[EventType "swiss"]
[EventRounds "9"]
[EventCountry "ESP"]
[Source "lmi"]
[SourceDate "2005.08.25"]

1. e4 d5 2. exd5 Qxd5 3. Nc3 Qa5 4. d4 Nf6 5. Nf3 c6 6. Bd2 Qc7 7. Bc4 Bg4 8.
h3 Bh5 9. g4 Bg6 10. Ne5 e6 11. Qe2 Nbd7 12. Nxd7 Nxd7 13. h4 h5 14. Bxe6 O-O-O
15. Bf5 Bxf5 16. gxf5 Nf6 17. O-O-O Rxd4 18. Be3 Rxd1+ 19. Rxd1 Bb4 20. Qc4
Bxc3 21. Qxc3 b6 22. Bg5 Rd8 23. Rxd8+ Kxd8 24. Bxf6+ gxf6 25. Qxf6+ Kc8 26.
Qh8+ Kb7 27. Qxh5 Qf4+ 28. Kb1 Qc4 29. b3 Qd5 30. Qg4 Qe5 31. a4 Qe1+ 32. Kb2
Qxf2 33. Qe4 Qc5 34. Qf4 b5 35. axb5 Qxb5 36. h5 a5 37. h6 Qc5 38. h7 Qf8 39.
Qh4 Qh8+ 40. f6 Kb6 41. Qd4+ 1-0

[Event "2. Open Fincas Mediterranea"]
[Site "Castelldefels ESP"]
[Date "2005.08.18"]
[Round "2.3"]
[White "Sanz Bastos, Fernando"]
[Black "Peralta, Fernando"]
[Result "1/2-1/2"]
[WhiteElo "2043"]
[BlackElo "2553"]
[PlyCount "88"]
[EventDate "2005.08.17"]
[EventType "swiss"]
[EventRounds "9"]
[EventCountry "ESP"]
[Source "lmi"]
[SourceDate "2005.08.25"]

1. e4 c6 2. d4 d5 3. Nc3 dxe4 4. Nxe4 Bf5 5. Ng3 Bg6 6. Bc4 e6 7. N1e2 Bd6 8.
h4 h6 9. Nf4 Bxf4 10. Bxf4 Nf6 11. c3 Nbd7 12. Bd3 Bxd3 13. Qxd3 O-O 14. Ne4
Nxe4 15. Qxe4 Qa5 16. O-O Rfe8 17. Rfe1 Rad8 18. Qf3 Qf5 19. g4 Qg6 20. h5 Qh7
21. Kh2 f6 22. Qd1 Nf8 23. Qb3 Rd7 24. Re3 Kh8 25. Rae1 Red8 26. Rg3 Qg8 27.
Bc1 Qf7 28. Rh3 Rd5 29. f4 Qc7 30. Be3 c5 31. dxc5 Nd7 32. Rf3 Nxc5 33. Bxc5
Qxc5 34. Qxb7 f5 35. b4 Qd6 36. Qf7 fxg4 37. Rxe6 Rxh5+ 38. Kg3 Qxe6 39. Qxe6
gxf3 40. Kxf3 Rh2 41. c4 Rxa2 42. c5 Ra3+ 43. Kg4 Rc3 44. Qe7 Rd4 1/2-1/2

[Event "2. Open Fincas Mediterranea"]
[Site "Castelldefels ESP"]
[Date "2005.08.18"]
[Round "2.4"]
[White "Marin, Mihail"]
[Black "Porras Mateo, Felipe"]
[Result "1-0"]
[WhiteElo "2537"]
[BlackElo "2043"]
[PlyCount "59"]
[EventDate "2005.08.17"]
[EventType "swiss"]
[EventRounds "9"]
[EventCountry "ESP"]
[Source "lmi"]
[SourceDate "2005.08.25"]

1. c4 e5 2. Nc3 Nc6 3. g3 g6 4. Bg2 Bg7 5. d3 Nge7 6. Rb1 a5 7. e3 d6 8. Nge2
Be6 9. Nd5 Bxd5 10. cxd5 Nb4 11. e4 c5 12. a3 Na6 13. Qa4+ Kf8 14. h4 h6 15. h5
g5 16. Bh3 f5 17. Bxf5 Nxf5 18. exf5 Nc7 19. Nc3 Qe8 20. Qe4 Bf6 21. b4 axb4
22. axb4 Na6 23. Ba3 b6 24. bxc5 bxc5 25. g4 Rb8 26. O-O Kf7 27. Qc4 Nc7 28.
Ne4 Qd7 29. Bxc5 dxc5 30. d6+ 1-0

[Event "2. Open Fincas Mediterranea"]
[Site "Castelldefels ESP"]
[Date "2005.08.18"]
[Round "2.5"]
[White "Martinez Lliria, Pere"]
[Black "Megaranto, Susanto"]
[Result "0-1"]
[WhiteElo "2042"]
[BlackElo "2499"]
[PlyCount "72"]
[EventDate "2005.08.17"]
[EventType "swiss"]
[EventRounds "9"]
[EventCountry "ESP"]
[Source "lmi"]
[SourceDate "2005.08.25"]

1. d4 e6 2. Nf3 Nf6 3. Bf4 b6 4. h3 Bb7 5. e3 c5 6. c3 Be7 7. Bd3 O-O 8. Nbd2
d5 9. Ne5 Nc6 10. Qe2 Nxe5 11. Bxe5 Nd7 12. Bh2 a6 13. a4 b5 14. O-O b4 15. f4
c4 16. Bc2 bxc3 17. bxc3 Qa5 18. Rfc1 f5 19. Bd1 Bc6 20. g4 Rab8 21. gxf5 exf5
22. Nf3 Rb6 23. Ne5 Nxe5 24. fxe5 Bd7 25. Qf2 Rg6+ 26. Kh1 f4 27. exf4 Bxh3 28.
Bf3 Bf5 29. Qd2 Rb8 30. Ra2 Rb3 31. Rb2 Ba3 32. Rxb3 cxb3 33. Qd1 b2 34. Rb1
Bxb1 35. Qxb1 Qxa4 36. Bxd5+ Kh8 0-1

[Event "2. Open Fincas Mediterranea"]
[Site "Castelldefels ESP"]
[Date "2005.08.18"]
[Round "2.6"]
[White "Sulava, Nenad"]
[Black "Sanahuja Palomo, Alex"]
[Result "1-0"]
[WhiteElo "2485"]
[BlackElo "2041"]
[PlyCount "81"]
[EventDate "2005.08.17"]
[EventType "swiss"]
[EventRounds "9"]
[EventCountry "ESP"]
[Source "lmi"]
[SourceDate "2005.08.25"]

1. Nf3 Nf6 2. g3 g6 3. b3 Bg7 4. Bb2 O-O 5. Bg2 Nc6 6. O-O Re8 7. d4 d5 8. c4
Bf5 9. Nbd2 e6 10. Nh4 Ne4 11. cxd5 exd5 12. Nxf5 gxf5 13. e3 Qf6 14. Nf3 Re6
15. Rc1 Qh6 16. b4 a6 17. a4 b5 18. Qb3 Rd8 19. Rc2 Bf8 20. Ba3 Be7 21. Rfc1
Qg6 22. Bf1 h5 23. axb5 axb5 24. Bxb5 Na7 25. Bf1 h4 26. b5 hxg3 27. hxg3 Bg5
28. Re1 Kg7 29. Rxc7 Rh8 30. Bg2 Nc8 31. Qxd5 Nb6 32. Qb3 f4 33. exf4 Bxf4 34.
gxf4 Nd2 35. Rxf7+ Kg8 36. Rxe6 Nxf3+ 37. Qxf3 Qb1+ 38. Bf1 Kxf7 39. Re7+ Kf6
40. Qc6+ Kf5 41. Qe6+ 1-0

[Event "2. Open Fincas Mediterranea"]
[Site "Castelldefels ESP"]
[Date "2005.08.18"]
[Round "2.7"]
[White "Rios Torondell, Jaume"]
[Black "Milov, Leonid"]
[Result "0-1"]
[WhiteElo "2037"]
[BlackElo "2482"]
[PlyCount "137"]
[EventDate "2005.08.17"]
[EventType "swiss"]
[EventRounds "9"]
[EventCountry "ESP"]
[Source "lmi"]
[SourceDate "2005.08.25"]

1. e4 c5 2. Nf3 e6 3. d4 cxd4 4. Nxd4 Nc6 5. Nxc6 bxc6 6. c4 Bc5 7. Bd3 e5 8.
O-O Qh4 9. Nd2 Nf6 10. Nf3 Qh5 11. Qe1 a5 12. Bd2 d6 13. Be3 Nd7 14. Nd2 O-O
15. Nb3 Bxe3 16. Qxe3 a4 17. Nd2 Rb8 18. b3 Nc5 19. Rfb1 Ne6 20. Be2 Qg6 21.
Qg3 Qh6 22. Nf3 Nf4 23. Bf1 f5 24. Qg5 fxe4 25. Qxh6 gxh6 26. Nd2 d5 27. bxa4
Bf5 28. Rb3 Ne6 29. a5 Nd4 30. Rb6 Ra8 31. Nb3 e3 32. fxe3 Nc2 33. Rc1 Nxe3 34.
Rxc6 d4 35. Rd6 Ra7 36. c5 Raf7 37. c6 Be4 38. Nd2 Rf2 39. Nf3 Rxa2 40. c7 Bb7
41. Rd8 Rxa5 42. Rb1 Bc8 43. Rb8 Ra1 44. Nd2 Nxf1 45. Rxf8+ Kxf8 46. Nxf1 Rc1
47. Rxc8+ Ke7 48. Rh8 Kd7 49. c8=Q+ Rxc8 50. Rxc8 Kxc8 51. Nd2 Kd7 52. Kf2 Kc6
53. Kf3 Kd5 54. Ne4 Kc4 55. g4 Kd3 56. Nf6 Kc2 57. Nxh7 d3 58. Nf6 d2 59. Nd5
d1=Q+ 60. Ke4 Qd4+ 61. Kf5 Qxd5 62. h4 e4+ 63. Kg6 Qd6+ 64. Kf5 e3 65. g5 hxg5
66. Kxg5 e2 67. h5 e1=Q 68. Kf5 Qf2+ 69. Kg5 0-1

[Event "2. Open Fincas Mediterranea"]
[Site "Castelldefels ESP"]
[Date "2005.08.18"]
[Round "2.8"]
[White "Panelo, Marcelo"]
[Black "Campos Cayuelas, Marc"]
[Result "1-0"]
[WhiteElo "2404"]
[BlackElo "2037"]
[PlyCount "51"]
[EventDate "2005.08.17"]
[EventType "swiss"]
[EventRounds "9"]
[EventCountry "ESP"]
[Source "lmi"]
[SourceDate "2005.08.25"]

1. d4 d5 2. c4 e6 3. Nc3 Nf6 4. cxd5 exd5 5. Bg5 Nbd7 6. e3 c6 7. Bd3 Be7 8.
Qc2 O-O 9. Nge2 Re8 10. O-O Nf8 11. f3 Ng6 12. e4 dxe4 13. fxe4 Qa5 14. e5 Nd5
15. Bxe7 Rxe7 16. Nxd5 Qxd5 17. Bc4 Qd8 18. Qb3 Be6 19. Bxe6 fxe6 20. Rad1 Qb6
21. Qc3 Nxe5 22. Nf4 Nd7 23. Rfe1 Rae8 24. Re3 e5 25. Qc4+ Kh8 26. Ng6+ 1-0

[Event "2. Open Fincas Mediterranea"]
[Site "Castelldefels ESP"]
[Date "2005.08.18"]
[Round "2.9"]
[White "Escanes Garcia, David"]
[Black "Hernando Rodrigo, Julio A"]
[Result "1-0"]
[WhiteElo "2020"]
[BlackElo "2371"]
[PlyCount "73"]
[EventDate "2005.08.17"]
[EventType "swiss"]
[EventRounds "9"]
[EventCountry "ESP"]
[Source "lmi"]
[SourceDate "2005.08.25"]

1. e4 d5 2. exd5 Qxd5 3. Nc3 Qa5 4. Nf3 Nf6 5. h3 c6 6. Bd3 Nbd7 7. O-O e6 8.
Re1 Bd6 9. Ne4 Nxe4 10. Bxe4 f5 11. Bd3 Nf6 12. Nd4 O-O 13. Bc4 Kh8 14. Bxe6
Qb6 15. Nxf5 Ne4 16. Rxe4 Bxe6 17. Nxd6 Qxf2+ 18. Kh2 Bd5 19. d3 Qf6 20. Nc4
Bxe4 21. dxe4 b5 22. Nd2 Qf4+ 23. Kh1 Rad8 24. Qe2 Qg3 25. Nf3 h6 26. Be3 Qd6
27. Bxa7 Rfe8 28. c3 Qe6 29. e5 Ra8 30. Bc5 Rxa2 31. Rxa2 Qxa2 32. Qe4 Qe6 33.
Bd6 Ra8 34. Nd4 Qc4 35. e6 Qf1+ 36. Kh2 Qf6 37. Qxc6 1-0